| 000 | 00000nam 2200000za 4500 |
| 001 | 9.805646 |
| 003 | CaOODSP |
| 005 | 20241203113638 |
| 007 | cr ||||||||||| |
| 008 | 151106s2015 xxc|||||o f|0| 0 eng d |
| 020 | |a978-0-660-03783-7 |
| 040 | |aCaOODSP|beng |
| 043 | |an-cn--- |
| 086 | 1 |aEn154-80/2015E-PDF |
| 100 | 1 |aCyr, Daniel. |
| 245 | 10|aExamination report by independent experts on the technical and scientific information regarding the planned discharge of untreated wastewater effluent into the St. Lawrence by the City of Montréal |h[electronic resource] / |c[by] Daniel Cyr, Robert Hausler, Viviane Yargeau. |
| 260 | |aGatineau, Quebec : |bEnvironment Canada, |cc2015. |
| 300 | |a25 p. : |bfigs., tables, maps. |
| 500 | |aOctober 30, 2015. |
| 500 | |aIssued also in French under title: Rapport d’examen par des experts indépendants des renseignements techniques et scientifiques concernant le déversement d’effluent d’eaux usées non traitées dans le fleuve Saint-Laurent prévu par la Ville de Montréal. |
| 504 | |aIncludes bibliographical references. |
| 692 | 07|2gccst|aWaste water |
| 700 | 1 |aHausler, Robert. |
| 700 | 1 |aYargeau, Viviane. |
| 710 | 1 |aCanada. |bEnvironment Canada. |
| 775 | 08|tRapport d'examen par des experts indépendants des renseignements techniques et scientifiques concernant le déversement d'effluent d'eaux usées non traitées dans le fleuve Saint-Laurent prévu par la Ville de Montréal |w(CaOODSP)9.805649 |
| 856 | 40|qPDF|s634 KB|uhttps://publications.gc.ca/collections/collection_2015/ec/En154-80-2015-eng.pdf |